000
00235 a2200097 4500
090
_c
3361
_d
3361
100
_a
Peter Ingram
245
_a
Networking
_b
in Easy Steps
260
_a
New Delhi
_b
Dreamtech
_c
2000
942
_a
NBS
_c
BK
_k
004.678 ING
999
_c
345843
_d
345843